Estadísticas para Puertas Históricas de Sevilla

Haz click aquí para intentar la prueba.

Estadísticas generales

  • Esta prueba ha sido intentada 10 veces
  • La puntuación promedio es 8 de 15

Estadísticas de respuestas

Respuesta% Correcto
Puerta de Carmona
100%
Puerta de la Macarena
100%
Puerta de Jerez
90%
Puerta de la Carne
90%
Puerta Osario
70%
Postigo del Aceite
60%
Puerta de Córdoba
60%
Puerta de Triana
50%
Puerta Real
50%
Puerta del Sol
40%
Puerta del Arenal
30%
Puerta de San Fernando
30%
Puerta de San Juan
30%
Puerta de la Barqueta o de la Almenilla
0%
Puerta de la Plata o de Abdelaziz (Arco de Mañara)
0%

Distribución de puntuación

Porcentaje por número respondido

Porcentaje de gente con cada puntuación

Historial de tus puntuaciones

No has intentado esta prueba.